000 00578cam a2200205ua 4500
001 2941
005 20260515113616.0
008 110919n ii |||gr||||Z||||||asm
040 _cMAIN
082 _a920
100 1 _aBorah, Dipen Kr.,
_eEditor.
245 1 1 _aPunya Saikia pratyasa aru pratishruti
_ced. by Dipen Kr. Borah
250 _a1st.
260 _aGuahati:
_bSaraighat laser print,
_c2006.
300 _a205p:
_bill;
_c23cm.
653 _aBiography
653 _aBiography of Punya Saikia pratyasa aru pratishruti
700 1 _aSensua, Monica,
_eEditor.
942 _cBK
999 _c2787
_d2787